[Event "18. Obert Int. Sant Marti 2016 - B"]
[Site "Barcelona ESP"]
[Date "2016.07.15"]
[Round "3.15"]
[White "Escofet Llongueras, Joan"]
[Black "Palacios Pena, Gerardo"]
[Result "1/2-1/2"]
[WhiteElo "1716"]
[BlackElo "1903"]
[PlyCount "100"]
[EventDate "2016.07.13"]
[EventType "swiss"]
[EventRounds "9"]
[EventCountry "ESP"]
[SourceTitle "Ajedrez en Madrid"]
[Source "lmi"]
[SourceDate "2016.07.13"]
[SourceVersion "1"]
[SourceVersionDate "2019.06.21"]
[SourceQuality "1"]

1. c4 c6 2. Nc3 d5 3. cxd5 cxd5 4. d4 Nf6 5. g3 Bf5 6. Bg2 e6 7. Nf3 Nc6 8. a3
Be7 9. O-O O-O 10. Nh4 Bg4 11. h3 Bh5 12. Bf3 Bxf3 13. Nxf3 a6 14. e3 b5 15. b4
Qb6 16. Qd3 Rfc8 17. Bb2 Rab8 18. Na2 Ne4 19. Rfc1 Nd6 20. Rc2 Nc4 21. Rac1 h6
22. Nd2 Nxd2 23. Qxd2 Na7 24. Rc3 Qb7 25. R1c2 Rxc3 26. Rxc3 Rc8 27. Nc1 Rc4
28. Nb3 Nc6 29. Qd3 Qc7 30. Nd2 Rxc3 31. Qxc3 Qb6 32. Nb3 Na7 33. Na5 Bf8 34.
Qc2 Qb8 35. Qc3 Qc8 36. Qxc8 Nxc8 37. Nb7 Na7 38. Nc5 Bxc5 39. dxc5 Nc6 40. Bc3
f6 41. Kg2 Kf7 42. Kf3 e5 43. Ke2 Ke6 44. g4 g6 45. f4 g5 46. Kd3 e4+ 47. Ke2
Ke7 48. Kf2 Kf7 49. Kg3 Ke7 50. Kf2 Kf7 1/2-1/2

[Event "18. Obert Int. Sant Marti 2016 - B"]
[Site "Barcelona ESP"]
[Date "2016.07.15"]
[Round "3.16"]
[White "Costa Trave, Jaume"]
[Black "Pujal Moncho, Joaquim"]
[Result "0-1"]
[WhiteElo "1902"]
[BlackElo "1805"]
[PlyCount "86"]
[EventDate "2016.07.13"]
[EventType "swiss"]
[EventRounds "9"]
[EventCountry "ESP"]
[SourceTitle "Ajedrez en Madrid"]
[Source "lmi"]
[SourceDate "2016.07.13"]
[SourceVersion "1"]
[SourceVersionDate "2019.06.21"]
[SourceQuality "1"]

1. f4 f5 2. e3 Nf6 3. Bc4 d5 4. Bb3 e6 5. d3 Be7 6. Nf3 O-O 7. O-O Nbd7 8. a3
c6 9. Nc3 Kh8 10. Qe1 Nc5 11. Ba2 Bd7 12. b4 Na6 13. e4 Nc7 14. Ne5 Be8 15.
exf5 exf5 16. Ne2 Nd7 17. Bb2 Nxe5 18. Bxe5 Bf6 19. d4 Bf7 20. Ng3 Bxe5 21.
fxe5 Be6 22. c3 b5 23. Qe3 Ne8 24. Bb1 g6 25. Bd3 Ng7 26. Qh6 Rf7 27. h4 Qe7
28. a4 Raf8 29. axb5 cxb5 30. Bxb5 f4 31. Nh1 Rf5 32. Be2 g5 33. Ra6 gxh4 34.
Bg4 Rg5 35. Rxe6 Nxe6 36. Bxe6 Rg6 37. Qh5 Rxe6 38. Nf2 f3 39. gxf3 Rg6+ 40.
Ng4 Qf7 41. Kh1 h3 42. Qxh3 Qf5 43. Rf2 Rxg4 0-1

[Event "18. Obert Int. Sant Marti 2016 - B"]
[Site "Barcelona ESP"]
[Date "2016.07.15"]
[Round "3.17"]
[White "Fernandez Egea, Andres"]
[Black "Olivas Montoya, Albert"]
[Result "1/2-1/2"]
[WhiteElo "1886"]
[BlackElo "1746"]
[PlyCount "67"]
[EventDate "2016.07.13"]
[EventType "swiss"]
[EventRounds "9"]
[EventCountry "ESP"]
[SourceTitle "Ajedrez en Madrid"]
[Source "lmi"]
[SourceDate "2016.07.13"]
[SourceVersion "1"]
[SourceVersionDate "2019.06.21"]
[SourceQuality "1"]

1. e4 e6 2. d3 d5 3. Nd2 Nf6 4. Ngf3 c5 5. g3 Nc6 6. Bg2 Qc7 7. O-O d4 8. a4 e5
9. h3 Be6 10. Ng5 Bd7 11. Nc4 h6 12. Nf3 Be6 13. Nfd2 g5 14. b3 Be7 15. Ba3
O-O-O 16. Qf3 g4 17. Qe2 gxh3 18. Bf3 h5 19. Kh2 Rdg8 20. Bb2 Rg5 21. a5 h4 22.
gxh4 Rxh4 23. Rg1 Rxg1 24. Rxg1 Nxa5 25. Na3 Qd7 26. Nf1 a6 27. Bc1 Rh8 28. Bg5
Nc6 29. Nc4 Kc7 30. Bd2 b5 31. Nb2 Qc8 32. Kh1 Rg8 33. Ng3 Bg4 34. Nd1 1/2-1/2

[Event "18. Obert Int. Sant Marti 2016 - B"]
[Site "Barcelona ESP"]
[Date "2016.07.15"]
[Round "3.18"]
[White "Maqueda Berdugo, Francisco"]
[Black "Moreno Perez, Norberto"]
[Result "1-0"]
[WhiteElo "1696"]
[BlackElo "1886"]
[PlyCount "119"]
[EventDate "2016.07.13"]
[EventType "swiss"]
[EventRounds "9"]
[EventCountry "ESP"]
[SourceTitle "Ajedrez en Madrid"]
[Source "lmi"]
[SourceDate "2016.07.13"]
[SourceVersion "1"]
[SourceVersionDate "2019.06.21"]
[SourceQuality "1"]

1. e4 e5 2. Nf3 d6 3. d4 exd4 4. Nxd4 Nf6 5. Nc3 Be7 6. Bc4 O-O 7. O-O Nbd7 8.
Nf5 Ne5 9. Nxe7+ Qxe7 10. Bb3 c6 11. f4 Ng6 12. f5 Ne5 13. Bf4 b5 14. a3 a5 15.
Bxe5 Qxe5 16. Qf3 Bb7 17. Qf4 b4 18. Qxe5 dxe5 19. Na4 Nxe4 20. Nb6 Rad8 21.
axb4 axb4 22. Ra7 Bc8 23. Nxc8 Rxc8 24. Re1 Nd6 25. Rxe5 c5 26. Bd5 Rcd8 27.
Rc7 c4 28. Bxc4 Ne8 29. Rb7 Rd1+ 30. Kf2 Rd2+ 31. Re2 Rd4 32. Rxb4 Rf4+ 33. Kg1
Rxf5 34. Rb8 Nd6 35. Rxf8+ Kxf8 36. Bb3 f6 37. Rf2 Ra5 38. Rd2 Ke7 39. Re2+ Kd7
40. Be6+ Kd8 41. Re3 Ra1+ 42. Kf2 f5 43. Bd5 Rd1 44. Rd3 Rh1 45. h3 Ke7 46.
Re3+ Kd7 47. Re1 Rxe1 48. Kxe1 Ne8 49. Bf3 g5 50. Kd2 Kd6 51. Kd3 Nf6 52. c4 h5
53. b4 g4 54. hxg4 fxg4 55. Be4 h4 56. Bf5 Ke5 57. Bc8 Kf4 58. Ke2 Ke4 59. b5
Ne8 60. b6 1-0

[Event "18. Obert Int. Sant Marti 2016 - B"]
[Site "Barcelona ESP"]
[Date "2016.07.15"]
[Round "3.20"]
[White "Andreu Termes, Frederic"]
[Black "Hernandez Bermudez, Alberto"]
[Result "1-0"]
[WhiteElo "1870"]
[BlackElo "1720"]
[PlyCount "75"]
[EventDate "2016.07.13"]
[EventType "swiss"]
[EventRounds "9"]
[EventCountry "ESP"]
[SourceTitle "Ajedrez en Madrid"]
[Source "lmi"]
[SourceDate "2016.07.13"]
[SourceVersion "1"]
[SourceVersionDate "2019.06.21"]
[SourceQuality "1"]

1. c4 e6 2. g3 c6 3. Bg2 d5 4. Qc2 Nd7 5. d3 Be7 6. Nf3 Ngf6 7. b3 Qa5+ 8. Nbd2
Ba3 9. O-O Bxc1 10. Rfxc1 O-O 11. Qb2 Re8 12. b4 Qd8 13. b5 Qb6 14. Rab1 Ng4
15. Rf1 c5 16. e4 d4 17. h3 Nge5 18. Nxe5 Nxe5 19. Qc2 Ng6 20. f4 e5 21. f5 Nf8
22. Nf3 Qh6 23. Qf2 Nd7 24. g4 Qf4 25. Qe1 Nf6 26. Nxd4 Qh6 27. Nc2 b6 28. Ne3
Bb7 29. Nd5 Nxd5 30. exd5 Qd6 31. f6 g6 32. Qg3 h6 33. a4 a5 34. g5 Rad8 35.
Rbe1 Ba8 36. Re4 Bb7 37. Rh4 Bc8 38. Rxh6 1-0

[Event "18. Obert Int. Sant Marti 2016 - B"]
[Site "Barcelona ESP"]
[Date "2016.07.15"]
[Round "3.21"]
[White "Reixach Ministral, Eduard"]
[Black "Pascual Gonzalez-Novelles, Carles"]
[Result "0-1"]
[WhiteElo "1870"]
[BlackElo "1718"]
[PlyCount "74"]
[EventDate "2016.07.13"]
[EventType "swiss"]
[EventRounds "9"]
[EventCountry "ESP"]
[SourceTitle "Ajedrez en Madrid"]
[Source "lmi"]
[SourceDate "2016.07.13"]
[SourceVersion "1"]
[SourceVersionDate "2019.06.21"]
[SourceQuality "1"]

1. e4 e6 2. d4 d5 3. Nd2 c5 4. c3 cxd4 5. cxd4 Nc6 6. Bb5 Qb6 7. Bxc6+ bxc6 8.
Ne2 Ba6 9. exd5 cxd5 10. O-O Ne7 11. Re1 Nc6 12. Nf3 Be7 13. Bg5 Bxe2 14. Qxe2
Bxg5 15. Nxg5 O-O 16. Qd3 g6 17. Qh3 h5 18. g4 Kg7 19. gxh5 Rh8 20. Qc3 Rxh5
21. f4 Qxd4+ 22. Re3 Rah8 23. Rae1 Qxc3 24. Rxc3 Nd4 25. Rc7 Rxh2 26. Rxf7+ Kg8
27. Rxa7 Rh1+ 28. Kf2 R8h2+ 29. Kg3 Nf5+ 30. Kg4 Rxe1 31. Ra8+ Kg7 32. Ra7+ Kf8
33. b4 Re3 34. Nxe6+ Rxe6 35. b5 Rh4+ 36. Kg5 Rh1 37. a4 Rg1# 0-1

[Event "18. Obert Int. Sant Marti 2016 - B"]
[Site "Barcelona ESP"]
[Date "2016.07.15"]
[Round "3.22"]
[White "Sanchez Coves, Juan Josep"]
[Black "Madrid Sole, Antonio"]
[Result "1-0"]
[WhiteElo "1610"]
[BlackElo "1865"]
[PlyCount "145"]
[EventDate "2016.07.13"]
[EventType "swiss"]
[EventRounds "9"]
[EventCountry "ESP"]
[SourceTitle "Ajedrez en Madrid"]
[Source "lmi"]
[SourceDate "2016.07.13"]
[SourceVersion "1"]
[SourceVersionDate "2019.06.21"]
[SourceQuality "1"]

1. e4 d5 2. exd5 Qxd5 3. Nc3 Qa5 4. d4 Nf6 5. Qd3 c6 6. Be2 Bf5 7. Qd2 e6 8.
Nf3 Bb4 9. Bd3 Be4 10. Ne5 Bxd3 11. cxd3 Nd5 12. Nc4 Qd8 13. a3 Be7 14. O-O O-O
15. Ne5 Nd7 16. Ne4 N7f6 17. Qe2 Rc8 18. Be3 Nxe3 19. fxe3 Nxe4 20. dxe4 c5 21.
Rac1 cxd4 22. Rxc8 Qxc8 23. exd4 Qc7 24. Qf2 Bd6 25. Nf3 Rc8 26. e5 Be7 27. Nd2
f6 28. exf6 Bxf6 29. Ne4 Rf8 30. Nc5 Qd6 31. Kh1 b6 32. Ne4 Qxd4 33. Nxf6+ Qxf6
34. Qxf6 Rxf6 35. Re1 Kf7 36. Kg1 Ke8 37. Re4 Kd7 38. Rd4+ Kc6 39. Rc4+ Kb7 40.
Rd4 Rf7 41. Re4 Re7 42. Kf2 Kc6 43. Ke3 e5 44. Rc4+ Kd5 45. Rb4 Rf7 46. h3 Rf1
47. Rb5+ Ke6 48. Rb4 Re1+ 49. Kf2 Rc1 50. Kf3 Rc2 51. g3 Rc1 52. h4 h6 53. h5
Rc6 54. Rg4 Kf7 55. Re4 Rf6+ 56. Ke3 Ke6 57. Rc4 Kd6 58. Rg4 Rf7 59. Rb4 Kd5
60. Rg4 b5 61. Re4 a5 62. Rg4 Rb7 63. Rg6 b4 64. axb4 Rxb4 65. Ra6 Rxb2 66.
Rxa5+ Ke6 67. Ra6+ Kf5 68. Rg6 Rb3+ 69. Kd2 Rb2+ 70. Kc3 Rb7 71. Kd3 Ra7 72.
Ke3 Rd7 73. g4# 1-0

[Event "18. Obert Int. Sant Marti 2016 - B"]
[Site "Barcelona ESP"]
[Date "2016.07.15"]
[Round "3.23"]
[White "Abarca Garcia, Xavier"]
[Black "Garcia Ramos, Anais"]
[Result "1-0"]
[WhiteElo "1864"]
[BlackElo "1392"]
[PlyCount "105"]
[EventDate "2016.07.13"]
[EventType "swiss"]
[EventRounds "9"]
[EventCountry "ESP"]
[SourceTitle "Ajedrez en Madrid"]
[Source "lmi"]
[SourceDate "2016.07.13"]
[SourceVersion "1"]
[SourceVersionDate "2019.06.21"]
[SourceQuality "1"]

1. d4 f5 2. Nf3 e6 3. g3 Nf6 4. Bg2 Be7 5. c4 O-O 6. O-O d6 7. Nc3 Qe8 8. b3
Nbd7 9. Qc2 Qg6 10. Ba3 Re8 11. Rad1 e5 12. Nh4 Qf7 13. Nxf5 exd4 14. Nd5 Bd8
15. Nxd4 Ne5 16. Nxf6+ Qxf6 17. Bb2 Qh6 18. Nf3 Ng4 19. h3 Nf6 20. g4 Ne4 21.
Bc1 Qg6 22. Qd3 Kh8 23. Nd2 Nxd2 24. Qxg6 hxg6 25. Rxd2 Bg5 26. Rc2 Bxc1 27.
Rfxc1 Rb8 28. Rd2 Bd7 29. c5 Bb5 30. cxd6 cxd6 31. e3 Re6 32. Bd5 Rf6 33. Rc7
Ba6 34. Rdc2 Kh7 35. a3 Rff8 36. Rd7 Rfd8 37. Rxd8 Rxd8 38. Rc7 Rb8 39. b4 g5
40. Be4+ Kg8 41. a4 Be2 42. Bxb7 Bd1 43. Bd5+ Kh8 44. Bc6 Rxb4 45. Rxa7 Rc4 46.
Bd7 g6 47. a5 Rc1 48. Kg2 Ra1 49. Bc6 Kg8 50. Bf3 Bb3 51. Ra6 Kf7 52. Rxd6 Rxa5
53. Be4 1-0

[Event "18. Obert Int. Sant Marti 2016 - B"]
[Site "Barcelona ESP"]
[Date "2016.07.15"]
[Round "3.24"]
[White "Pera Muntasell, Marc"]
[Black "Santolaria Pena, M."]
[Result "1/2-1/2"]
[WhiteElo "1450"]
[BlackElo "1846"]
[PlyCount "55"]
[EventDate "2016.07.13"]
[EventType "swiss"]
[EventRounds "9"]
[EventCountry "ESP"]
[SourceTitle "Ajedrez en Madrid"]
[Source "lmi"]
[SourceDate "2016.07.13"]
[SourceVersion "1"]
[SourceVersionDate "2019.06.21"]
[SourceQuality "1"]

1. e4 c5 2. Nf3 d6 3. d4 cxd4 4. Nxd4 a6 5. c4 Nf6 6. Nc3 g6 7. Be2 Bg7 8. Be3
O-O 9. O-O Nc6 10. Rc1 Bd7 11. a3 Rc8 12. b4 Nxd4 13. Bxd4 Be6 14. Bxf6 Bxf6
15. Na4 Rc6 16. c5 dxc5 17. Nxc5 Bc8 18. Qb3 Qc7 19. Qb1 e6 20. Rc2 Rd8 21. Qc1
b6 22. Nxe6 Rxc2 23. Nxc7 Rxc1 24. Rxc1 Bb7 25. Nd5 Bxd5 26. exd5 Rxd5 27. Rc6
Bd4 28. Bxa6 1/2-1/2

[Event "18. Obert Int. Sant Marti 2016 - B"]
[Site "Barcelona ESP"]
[Date "2016.07.15"]
[Round "3.25"]
[White "Martos Martin, Josep Angel"]
[Black "Martinez Balaguer, Josep"]
[Result "1/2-1/2"]
[WhiteElo "1981"]
[BlackElo "1834"]
[PlyCount "135"]
[EventDate "2016.07.13"]
[EventType "swiss"]
[EventRounds "9"]
[EventCountry "ESP"]
[SourceTitle "Ajedrez en Madrid"]
[Source "lmi"]
[SourceDate "2016.07.13"]
[SourceVersion "1"]
[SourceVersionDate "2019.06.21"]
[SourceQuality "1"]

1. e4 c5 2. Nf3 Nc6 3. Bb5 e6 4. O-O Nge7 5. Re1 a6 6. Bf1 Ng6 7. c3 Be7 8. d4
cxd4 9. cxd4 d5 10. e5 O-O 11. Nc3 f6 12. Bd3 Qb6 13. Na4 Qa7 14. Bxg6 hxg6 15.
Be3 b5 16. Rc1 Na5 17. Nc5 Nc4 18. b3 Bxc5 19. bxc4 Ba3 20. Rb1 dxc4 21. Qc2 g5
22. d5 Qf7 23. d6 Bb7 24. Qc3 b4 25. Qxc4 Rac8 26. Qg4 Bd5 27. Re2 Rc4 28. Bd4
Rfc8 29. Qg3 Bxf3 30. gxf3 Rxd4 31. Rbe1 Bc1 32. exf6 Bf4 33. Qh3 Rxd6 34. fxg7
Kxg7 35. Rxe6 Rxe6 36. Qxe6 Rh8 37. Qxa6 Bxh2+ 38. Kg2 Bf4 39. Qd3 Qf6 40. Qd7+
Kg6 41. Re6 Rf8 42. Qd3+ Kg7 43. Rxf6 Rxf6 44. Qd4 Bd6 45. Qa7+ Kg6 46. Qe3 Kh6
47. Qd4 Kg6 48. Qe4+ Kh6 49. Qe8 Kg7 50. Qd7+ Kg6 51. Qd8 Kg7 52. Qe8 Kh7 53.
Qe4+ Kg7 54. Kf1 Kf7 55. Qb7+ Kg6 56. Ke2 Re6+ 57. Kf1 Rf6 58. Qd5 Kh6 59. Ke2
Kg6 60. Kf1 Kh6 61. Qd4 Kg6 62. Kg2 Kf7 63. Qg4 Kg6 64. Kf1 Kh6 65. Ke2 Kg6 66.
Kd3 Kh6 67. Qh3+ Kg6 68. Kc4 1/2-1/2

[Event "18. Obert Int. Sant Marti 2016 - B"]
[Site "Barcelona ESP"]
[Date "2016.07.15"]
[Round "3.26"]
[White "Lleyda Naval, Justo"]
[Black "Nandhini, Saripalli"]
[Result "1/2-1/2"]
[WhiteElo "1818"]
[BlackElo "1716"]
[PlyCount "69"]
[EventDate "2016.07.13"]
[EventType "swiss"]
[EventRounds "9"]
[EventCountry "ESP"]
[SourceTitle "Ajedrez en Madrid"]
[Source "lmi"]
[SourceDate "2016.07.13"]
[SourceVersion "1"]
[SourceVersionDate "2019.06.21"]
[SourceQuality "1"]

1. e4 c5 2. Nf3 a6 3. d4 cxd4 4. Nxd4 e5 5. Nb3 Nf6 6. Bd3 Nc6 7. O-O d5 8.
exd5 Nxd5 9. Be4 Be6 10. a3 Rc8 11. Qf3 Nf6 12. Bg5 Be7 13. Bxf6 Bxf6 14. Nc3
O-O 15. Rfd1 Qe7 16. Nd5 Bxd5 17. Rxd5 Rfd8 18. Rad1 Rxd5 19. Rxd5 g6 20. Qd3
Nd4 21. Nxd4 exd4 22. g3 Kg7 23. Qf3 Re8 24. Bd3 h5 25. h3 Rc8 26. Kg2 Re8 27.
a4 Rc8 28. g4 hxg4 29. Qxg4 Rd8 30. Qf3 Rd7 31. Be4 Rxd5 32. Bxd5 b6 33. Qb3
Qc7 34. Qc4 Qxc4 35. Bxc4 1/2-1/2

[Event "18. Obert Int. Sant Marti 2016 - B"]
[Site "Barcelona ESP"]
[Date "2016.07.15"]
[Round "3.28"]
[White "Subirana Santos, Marc"]
[Black "Khachatryan, Tigran V."]
[Result "0-1"]
[WhiteElo "1706"]
[BlackElo "1936"]
[PlyCount "104"]
[EventDate "2016.07.13"]
[EventType "swiss"]
[EventRounds "9"]
[EventCountry "ESP"]
[SourceTitle "Ajedrez en Madrid"]
[Source "lmi"]
[SourceDate "2016.07.13"]
[SourceVersion "1"]
[SourceVersionDate "2019.06.21"]
[SourceQuality "1"]

1. Nf3 Nf6 2. g3 d5 3. Bg2 c5 4. d3 Nc6 5. O-O e5 6. e4 Be7 7. Nbd2 O-O 8. c3
h6 9. h3 Be6 10. Qc2 Rc8 11. Nh4 dxe4 12. dxe4 Qd7 13. Nf5 Rfd8 14. Nxe7+ Qxe7
15. Re1 c4 16. Nf3 Rd3 17. Nh4 Qd7 18. Kh2 b5 19. Bf1 Rd6 20. Nf5 Bxf5 21. exf5
e4 22. g4 Ne5 23. Bg2 Nd3 24. Rf1 Re8 25. Be3 Nd5 26. Bd4 N5f4 27. Qd2 Nxg2 28.
Kxg2 Qe7 29. b3 Qh4 30. Qe3 h5 31. Qg3 Qe7 32. g5 g6 33. fxg6 fxg6 34. f4 e3
35. Be5 Nxe5 36. fxe5 Rd2+ 37. Kh1 Qxe5 38. Qxe5 Rxe5 39. Rg1 e2 40. bxc4 bxc4
41. Rab1 Rxa2 42. Rge1 Rxg5 43. Rb8+ Kg7 44. Re8 Rg3 45. Kh2 Rxc3 46. h4 Rcc2
47. Kg2 c3 48. Kf2 Rd2 49. Rc8 c2 50. Rc7+ Kh6 51. Ke3 Rd1 52. Rxe2 c1=Q+ 0-1

[Event "18. Obert Int. Sant Marti 2016 - B"]
[Site "Barcelona ESP"]
[Date "2016.07.15"]
[Round "3.29"]
[White "Palau Fontanet, David"]
[Black "Parayre Soguero, Jordi"]
[Result "0-1"]
[WhiteElo "1703"]
[BlackElo "1918"]
[PlyCount "74"]
[EventDate "2016.07.13"]
[EventType "swiss"]
[EventRounds "9"]
[EventCountry "ESP"]
[SourceTitle "Ajedrez en Madrid"]
[Source "lmi"]
[SourceDate "2016.07.13"]
[SourceVersion "1"]
[SourceVersionDate "2019.06.21"]
[SourceQuality "1"]

1. d4 Nf6 2. Nf3 d5 3. Bg5 e6 4. e3 c5 5. c3 Nc6 6. Ne5 Qb6 7. Qb3 Nxe5 8. dxe5
Ne4 9. Bb5+ Bd7 10. Bxd7+ Kxd7 11. Bf4 c4 12. Qa4+ Qc6 13. Qxc6+ Kxc6 14. b4 g5
15. Bg3 a5 16. bxa5 Rxa5 17. f3 Nc5 18. a3 Bg7 19. h4 g4 20. O-O Nd3 21. fxg4
Bxe5 22. Bxe5 Nxe5 23. g5 h6 24. gxh6 Rxh6 25. g3 f5 26. Nd2 Ng4 27. Rfe1 Rb5
28. Rab1 Rxb1 29. Nxb1 Rh8 30. Kg2 Ra8 31. Kf3 Ne5+ 32. Kg2 Ra5 33. Re2 Rb5 34.
Re1 Rb2+ 35. Kf1 Nf3 36. Rd1 Kd6 37. a4 Rxb1 0-1

[Event "18. Obert Int. Sant Marti 2016 - B"]
[Site "Barcelona ESP"]
[Date "2016.07.15"]
[Round "3.30"]
[White "Carrey Abellan, Enric"]
[Black "Berengeno Vierge, Rodolfo"]
[Result "1-0"]
[WhiteElo "1911"]
[BlackElo "1699"]
[PlyCount "57"]
[EventDate "2016.07.13"]
[EventType "swiss"]
[EventRounds "9"]
[EventCountry "ESP"]
[SourceTitle "Ajedrez en Madrid"]
[Source "lmi"]
[SourceDate "2016.07.13"]
[SourceVersion "1"]
[SourceVersionDate "2019.06.21"]
[SourceQuality "1"]

1. d4 Nf6 2. c4 g6 3. Nc3 d5 4. cxd5 Nxd5 5. e4 Nxc3 6. bxc3 Bg7 7. Bg5 c5 8.
Rc1 cxd4 9. cxd4 O-O 10. Nf3 Bg4 11. d5 Nd7 12. h3 Bxf3 13. Qxf3 Ne5 14. Qa3
Bf6 15. Bh6 Bg7 16. Bg5 Bf6 17. Bxf6 exf6 18. Be2 a6 19. O-O g5 20. Qg3 Kg7 21.
f4 Ng6 22. fxg5 fxg5 23. Rf5 h6 24. Bh5 Nf4 25. Rxf4 f5 26. Rxf5 Rxf5 27. Rc7+
Kg8 28. exf5 Qxd5 29. Qc3 1-0

[Event "18. Obert Int. Sant Marti 2016 - B"]
[Site "Barcelona ESP"]
[Date "2016.07.15"]
[Round "3.31"]
[White "Gonzalez Canovas, Sebastia"]
[Black "Valarezzo Ricard, Pedro"]
[Result "0-1"]
[WhiteElo "1659"]
[BlackElo "1887"]
[PlyCount "106"]
[EventDate "2016.07.13"]
[EventType "swiss"]
[EventRounds "9"]
[EventCountry "ESP"]
[SourceTitle "Ajedrez en Madrid"]
[Source "lmi"]
[SourceDate "2016.07.13"]
[SourceVersion "1"]
[SourceVersionDate "2019.06.21"]
[SourceQuality "1"]

1. c4 e5 2. Nc3 Nc6 3. g3 Nf6 4. Bg2 Bb4 5. a3 Bxc3 6. bxc3 d6 7. d3 h6 8. Nf3
O-O 9. O-O Bd7 10. a4 Qc8 11. Ba3 Re8 12. e4 Bh3 13. Rb1 Bxg2 14. Kxg2 b6 15.
Re1 Na5 16. Qc2 Qd7 17. Bb4 Nc6 18. Ba3 Qg4 19. h3 Qd7 20. Rbd1 Qe6 21. Rb1
Rad8 22. Bc1 a5 23. Nh4 Ne7 24. Nf3 Ng6 25. Qe2 Qd7 26. Ra1 Nh7 27. Kh2 f5 28.
exf5 Qxf5 29. Qe4 Qf7 30. Kg2 Rf8 31. Qd5 Nf6 32. Qxf7+ Rxf7 33. Be3 Rdf8 34.
Nd2 Ne7 35. Rab1 Nf5 36. Rf1 d5 37. g4 Nxe3+ 38. fxe3 dxc4 39. Nxc4 Nd7 40.
Rxf7 Rxf7 41. Rf1 Rxf1 42. Kxf1 Kf7 43. Ke2 Ke6 44. Nb2 Kd5 45. c4+ Kc5 46. Kd2
Kb4 47. Kc2 Nc5 48. h4 Nxa4 49. Nxa4 Kxa4 50. Kc3 c5 51. h5 Ka3 52. e4 a4 53.
Kc2 Kb4 0-1

[Event "18. Obert Int. Sant Marti 2016 - B"]
[Site "Barcelona ESP"]
[Date "2016.07.15"]
[Round "3.32"]
[White "Cervera Lopez, Miguel"]
[Black "Minko, Dmitry"]
[Result "0-1"]
[WhiteElo "1655"]
[BlackElo "1884"]
[PlyCount "68"]
[EventDate "2016.07.13"]
[EventType "swiss"]
[EventRounds "9"]
[EventCountry "ESP"]
[SourceTitle "Ajedrez en Madrid"]
[Source "lmi"]
[SourceDate "2016.07.13"]
[SourceVersion "1"]
[SourceVersionDate "2019.06.21"]
[SourceQuality "1"]

1. g3 e5 2. Bg2 d5 3. e3 Nf6 4. Ne2 Bd6 5. Nbc3 c6 6. d3 O-O 7. O-O Bg4 8. h3
Bh5 9. Qe1 Nbd7 10. d4 e4 11. Nf4 Bg6 12. Nxg6 fxg6 13. Qe2 Qc7 14. Kh2 Nh5 15.
Qe1 Rf7 16. Ne2 g5 17. c4 Raf8 18. c5 Bxc5 19. dxc5 Nxc5 20. Qd1 Rxf2 21. Nf4
gxf4 22. exf4 Rxf1 23. Bxf1 Nf6 24. Be3 Ne6 25. Rc1 Kh8 26. f5 d4 27. Bc4 dxe3
28. Bxe6 Rd8 29. Qe1 Rd2+ 30. Kh1 Qb6 31. Rb1 Qd4 32. Qg1 Qd3 33. Bb3 e2 34.
Rc1 Qf3+ 0-1

[Event "18. Obert Int. Sant Marti 2016 - B"]
[Site "Barcelona ESP"]
[Date "2016.07.15"]
[Round "3.33"]
[White "Ritter Aguilar, Jordi"]
[Black "Pascual Gonzalez-Novelles, David"]
[Result "1-0"]
[WhiteElo "1868"]
[BlackElo "1650"]
[PlyCount "43"]
[EventDate "2016.07.13"]
[EventType "swiss"]
[EventRounds "9"]
[EventCountry "ESP"]
[SourceTitle "Ajedrez en Madrid"]
[Source "lmi"]
[SourceDate "2016.07.13"]
[SourceVersion "1"]
[SourceVersionDate "2019.06.21"]
[SourceQuality "1"]

1. e4 e5 2. Nf3 d6 3. d4 exd4 4. Qxd4 Nc6 5. Bb5 Bd7 6. Bxc6 Bxc6 7. Nc3 Nf6 8.
Bg5 Be7 9. O-O-O O-O 10. h3 h6 11. Bh4 Re8 12. Rhe1 Nh7 13. Bxe7 Rxe7 14. e5
Bxf3 15. gxf3 Qe8 16. Nd5 Rd7 17. exd6 Qf8 18. dxc7 Kh8 19. f4 Nf6 20. Qe5 Rd6
21. Nxf6 Rxf6 22. Qe7 1-0

[Event "18. Obert Int. Sant Marti 2016 - B"]
[Site "Barcelona ESP"]
[Date "2016.07.15"]
[Round "3.34"]
[White "Serentill Tost, Eduard"]
[Black "Poyato Ruiz, Fernando"]
[Result "0-1"]
[WhiteElo "1650"]
[BlackElo "1840"]
[PlyCount "50"]
[EventDate "2016.07.13"]
[EventType "swiss"]
[EventRounds "9"]
[EventCountry "ESP"]
[SourceTitle "Ajedrez en Madrid"]
[Source "lmi"]
[SourceDate "2016.07.13"]
[SourceVersion "1"]
[SourceVersionDate "2019.06.21"]
[SourceQuality "1"]

1. e4 e6 2. d4 d5 3. Nc3 Nf6 4. Bg5 Bb4 5. e5 h6 6. Bd2 Bxc3 7. Bxc3 Ne4 8. Qd3
Nxc3 9. Qxc3 Nd7 10. Qg3 Qg5 11. Qxg5 hxg5 12. O-O-O c5 13. c3 cxd4 14. cxd4
Nb6 15. g3 Bd7 16. Kb1 Rc8 17. Bd3 Ke7 18. f4 gxf4 19. gxf4 Rh4 20. Ne2 Rch8
21. Rdg1 g6 22. Rg2 Nc4 23. Rf2 Rh3 24. Kc2 Ne3+ 25. Kd2 Ng4 0-1

[Event "18. Obert Int. Sant Marti 2016 - B"]
[Site "Barcelona ESP"]
[Date "2016.07.15"]
[Round "3.35"]
[White "Martin Valentin, Francisco"]
[Black "Romero Gamez, Francisco Javier"]
[Result "1-0"]
[WhiteElo "1836"]
[BlackElo "1649"]
[PlyCount "105"]
[EventDate "2016.07.13"]
[EventType "swiss"]
[EventRounds "9"]
[EventCountry "ESP"]
[SourceTitle "Ajedrez en Madrid"]
[Source "lmi"]
[SourceDate "2016.07.13"]
[SourceVersion "1"]
[SourceVersionDate "2019.06.21"]
[SourceQuality "1"]

1. c4 e5 2. Nc3 Nc6 3. g3 d6 4. Bg2 f5 5. e3 Be6 6. Nd5 Nf6 7. Ne2 Be7 8. d4
O-O 9. Nxe7+ Nxe7 10. d5 Bd7 11. O-O Ng6 12. b3 Ng4 13. f4 e4 14. Nd4 Qe7 15.
Qe2 a6 16. h3 Nf6 17. Bb2 Rae8 18. Rfd1 Qf7 19. Rac1 Ne7 20. Nc2 Qg6 21. Bxf6
Rxf6 22. Kh2 b6 23. Nd4 a5 24. a3 Ra8 25. Rc2 Rff8 26. Rg1 Qf6 27. Bf1 Be8 28.
Ne6 Rf7 29. Nxc7 Rc8 30. Ne6 Bd7 31. Nd4 Kh8 32. Qd1 Rff8 33. Rd2 Rc7 34. Be2
Rfc8 35. a4 Ng6 36. Ne6 Ra7 37. Bh5 Bxe6 38. dxe6 Qxe6 39. Rxd6 Qf7 40. Rd8+
Rxd8 41. Qxd8+ Qg8 42. Rd1 Ra8 43. Qxg8+ Kxg8 44. Bxg6 hxg6 45. Rd6 Rb8 46. h4
Kf7 47. Kh3 Rb7 48. g4 Rb8 49. gxf5 gxf5 50. h5 Rb7 51. Kh4 Ke7 52. Rg6 Kf7 53.
Kg5 1-0

[Event "18. Obert Int. Sant Marti 2016 - B"]
[Site "Barcelona ESP"]
[Date "2016.07.15"]
[Round "3.36"]
[White "Serra Vilaro, Agustin"]
[Black "Demestres Lopez, Ricard"]
[Result "1-0"]
[WhiteElo "1829"]
[BlackElo "1643"]
[PlyCount "67"]
[EventDate "2016.07.13"]
[EventType "swiss"]
[EventRounds "9"]
[EventCountry "ESP"]
[SourceTitle "Ajedrez en Madrid"]
[Source "lmi"]
[SourceDate "2016.07.13"]
[SourceVersion "1"]
[SourceVersionDate "2019.06.21"]
[SourceQuality "1"]

1. d4 Nf6 2. c3 e6 3. Nd2 d5 4. e3 c5 5. Bd3 cxd4 6. exd4 Bd6 7. Ngf3 Qc7 8.
Qe2 O-O 9. Ne5 Bxe5 10. dxe5 Nfd7 11. f4 f6 12. Nf3 Nc6 13. exf6 Nxf6 14. O-O
Bd7 15. Bd2 Rae8 16. Ne5 Bc8 17. Rae1 a6 18. Rf3 Qb6+ 19. Be3 d4 20. Bf2 Nxe5
21. fxe5 Nd7 22. Bxd4 Qd8 23. Rh3 g6 24. Rxh7 Re7 25. Rh6 Rg7 26. Qg4 g5 27.
Qxe6+ Rff7 28. Qh3 Kf8 29. e6 Nf6 30. Bc5+ Re7 31. Rxf6+ Kg8 32. Rh6 Bxe6 33.
Rh8+ Kf7 34. Rf1+ 1-0